Paroles Carmen-Stromae - Statistiques

Statistiques générales
  • Ce quiz a été pris 708 fois
    699 depuis la dernière actualisation
  • Le résultat moyen est 300 sur 371
Statistiques - réponses
% Correct
à
100%
d'
100%
de
100%
L'
100%
l'
100%
t'
100%
amour
99%
comme
99%
Comme
99%
est
99%
oiseau
99%
s'
99%
On
98%
on
98%
Twitter
98%
qu'
97%
se
97%
en
96%
et
96%
Et
96%
pour
96%
garde
95%
Garde
95%
gardé
95%
toi
95%
follow
94%
lui
94%
Prends
94%
prends
94%
seule
94%
seulement
94%
devient
91%
ensuite
91%
finit
91%
vous
91%
Vous
91%
ça
90%
d'abord
90%
solo
90%
bleu
89%
nous,
89%
nous
89%
tous
89%
tous,
89%
qui
88%
c'est
87%
fêlé
87%
le
86%
48h
85%
des
85%
eux
85%
s'aime
85%
si
85%
ceux
84%
la
83%
puis
83%
soi
83%
chacun
82%
les
82%
je
81%
moi
81%
moi"
81%
plus
81%
tu
81%
somme
80%
coups
78%
sont
78%
aimes
77%
aimes,
77%
like
77%
m'aime
76%
affilie
75%
plastique
75%
souvent
75%
hashtag
74%
fait
73%
sourires
72%
cote
71%
followers
71%
avez
69%
ou
69%
juste
68%
potes
68%
Un
67%
un
67%
amis
66%
erreur
65%
faites
65%
Ah
59%
il
58%
t'aimes
58%
consomme
57%
loi
55%
"Mais
54%
mais
54%
consommation
53%
malheur
53%
enfant
52%
toujours
52%
jour
51%
chanter,
50%
cet
49%
cage
48%
du
48%
j'le
48%
rats
48%
camion
46%
mets
46%
unique
46%
voulez
46%
L'amour
45%
sentiments
45%
choix
43%
demande
43%
tombés
42%
crèvera
41%
offre
41%
verras,
41%
voudra
39%
s'aimera
38%
faut
37%
s'il
36%
avant,
34%
connais
33%
dangers,
32%
achètes
31%
déjà
31%
J'ai
31%
j'vais
31%
mon
31%
ticket
31%
j'en
29%
l'échanger
29%
voulez-vous
28%
j'irai
27%
payes,
26%
jettes,
25%
m'venger
21%
Aucun quiz correspondant
Distribution des résultats
% des personnes avec chaque résultat
Percentile par nombre de réponses
Votre historique - résultats
Vous n’avez pas pris ce quiz depuis la dernière actualisation